| 000 | 00359pab a2200145 454500 | ||
|---|---|---|---|
| 008 | 180718b xxu||||| |||| 00| 0 eng d | ||
| 100 | _aKanshal H. | ||
| 245 | _aRural telecommunications | ||
| 362 | _a16 Nov 93, p.6 | ||
| 650 | _a Rural Development | ||
| 650 | _a Telecommunications | ||
| 650 | _aCommunication | ||
| 773 | _aFinancial Express | ||
| 909 | _a25890 | ||
| 999 |
_c25890 _d25890 |
||